| 000 | 00931cam a22002653a 4500 | ||
|---|---|---|---|
| 001 | 28632 | ||
| 003 | PGUSA | ||
| 005 | 20140828083622.0 | ||
| 008 | 090429s2009||||xxu|||||s|||||000 | eng d | ||
| 040 |
_aPGUSA _beng |
||
| 042 | _adc | ||
| 050 | 4 | _aHV | |
| 100 | 1 |
_aKayll, James Leslie Allan, _d1873-1944 |
|
| 245 | 1 | 2 |
_aA Plea for the Criminal : _bBeing a reply to Dr. Chapple's work: 'The Fertility of the Unfit', and an Attempt to explain the leading principles of Criminological and Reformatory Science _h[electronic resource] / _cJames Leslie Allan Kayll |
| 260 |
_bProject Gutenberg, _c2009 |
||
| 506 | _aPublic domain in the USA. | ||
| 516 | _aElectronic text | ||
| 653 | _aChapple, William Allan, 1864-1936. The fertility of the unfit | ||
| 653 | _aCrime | ||
| 653 | _aReformatories | ||
| 653 | _aCriminals | ||
| 830 | 0 |
_aProject Gutenberg _v28632 |
|
| 856 | 4 | 0 | _uhttp://www.gutenberg.org/ebooks/28632 |
| 942 | _cEB | ||
| 999 |
_c257887 _d257887 |
||